Geografía de Europa
Tallennettuna:
| Päätekijä: | |
|---|---|
| Aineistotyyppi: | Kirja |
| Kieli: | espanja |
| Julkaistu: |
Santiago
Universitaria
1926
|
| Sarja: | Curso General de Geografía
|
| Aiheet: | |
| Tagit: |
Lisää tagi
Ei tageja, Lisää ensimmäinen tagi!
|
MARC
| LEADER | 00000nam a2200000 a 4500 | ||
|---|---|---|---|
| 001 | UCZ8586 | ||
| 003 | CL-VaPUC | ||
| 008 | 960121e19260000CL |||||||||||||||||spa|d | ||
| 082 | 0 | 4 | |a 372.891 |b MON |2 21 |
| 100 | |a Montebruno López, Julio |e autor |9 511670 | ||
| 245 | 1 | 0 | |a Geografía de Europa |
| 300 | |a v | ||
| 942 | |c BK | ||
| 945 | |d 19960121 00:00:00 |a lriquelm | ||
| 260 | |a Santiago |b Universitaria |c 1926 | ||
| 650 | 0 | |a Geografía |9 259346 | |
| 650 | 0 | |a Enseñanza de la geografía |9 310005 | |
| 650 | 7 | |a GEOGRAFIA REGIONAL |2 CL-VaPUC |9 350312 | |
| 650 | 7 | |a DATOS GEOGRAFICOS |2 CL-VaPUC |9 351400 | |
| 651 | 0 | |a Europa |9 255156 | |
| 583 | |a last modification |c 19960121 00:00:00 |k Rodrigo Vera | ||
| 490 | 0 | |a Curso General de Geografía | |
| 999 | |c 244446 |d 244444 | ||
| 952 | |0 0 |1 0 |4 0 |6 372_891000000000000_MON_1926 |7 0 |8 P |9 258509 |a BIBEDU |b BIBEDU |c BIBEDU_PB |d 2019-11-19 |h v.2 |i 1619306 |o 372.891 MON 1926 |p 1619306 |r 2024-01-25 |w 2019-11-19 |y BK |k EDU | ||